Ultimate Quiz of Estonia - Statistics

General Stats
  • This quiz has been taken 6 times
  • The average score is 5 of 25
Answer Stats
Population City % Correct
456 518 Tallinn
100%
97 304 Tartu
100%
52 495 Narva
67%
2673 Saaremaa
67%
41 529 Pärnu
50%
989 Hiiumaa
33%
1570 Peipus
33%
32 839 Kohtla-Järve
17%
198 Muhu
17%
93 Vormsi
17%
269 Võrtsjärv
17%
4327 Harju County
0%
19,3 Kassari
0%
116 Keila
0%
3696 Lääne-Viru County
0%
40 Narva Reservoir
0%
144 Pärnu
0%
5419 Pärnu County
0%
122 Pedja
0%
135 Põltsamaa
0%
7,2 Saadjärv
0%
2993 Tartu County
0%
9,4 Ülemiste
0%
3422 Viljandi County
0%
162 Võhandu
0%
No matching quizzes found
Score Distribution
Percent of People with Each Score
Percentile by Number Answered
Your Score History
You have not taken this quiz